Responses for show #7421 - Monday, December 12, 2016

Tim Aten game 7.

Contestants

Bridget McNulty, an analytical chemist from Phoenixville, Pennsylvania

Amy Young, a public health graduate student from Corvallis, Oregon

Tim Aten, an editor from Vermilion, Ohio (whose 6-day cash winnings total $101,899)

Jeopardy! Round responses

THE POPES
ISLAND NATIONS
PLAN AN ANAGRAM
BASKETBALL
CIRCLE TIME
BEN & JERRY'S FLAVOR GRAVEYARD
    $200 26
Pope Benedict

Amy
    $200 16
Cape Verde

Triple Stumper
    $200 7
hibernate

Amy
    $200 18
press

Amy
    $200 6
a crop circle

Amy
    $200 1
(Amy: What is Mississippi?
(Bridget: What is Kentucky?)

Tennessee

TimAmyBridget
    $400 27
the Medici

Tim
    $400 17
Sri Lanka

Amy
    $400 8
percussion

Amy
    $400 19
the Cavs & the Warriors

Tim
    $400 12
(Bridget: What is Times Square?)

Columbus Circle

AmyBridget
    $400 2
peanut butter & jelly

Tim
    $600 28
a bull

Tim
    $800 23
(Amy: What are the Philippines?)

Cyprus

Amy
    $600 9
Breathalyzer

Bridget
    $600 20
the sixth man

Amy
    $600 13
a roundabout

Bridget
    $600 3
White Russian

Amy
    $800 29
[The end-of-round signal sounds.]

John Paul

Amy
    $800 24
(Alex: You are right, with less than a minute to go now.)

Madagascar

Tim
    $800 10
stipend

Amy
    $800 21
Tim Duncan

Amy
    $800 14
(Tim: What is the Tropic of Capricorn?)
(Amy: What is the Tropic of Cancer?)

the Antarctic Circle

TimAmy
Triple Stumper
    $800 4
Crunch

Triple Stumper
    $1000 25
St. Vincent and the Grenadines

Triple Stumper
    $1000 11
(Amy: What is a legislature?)

legislatures

TimAmy
    $1000 22
(Amy: What is point guard?)

power forward

Amy
Triple Stumper
    $1000 15
"Will The Circle Be Unbroken?"

Triple Stumper
    $1000 5
(Amy: Who is Jerry Garcia?)

Wavy Gravy

AmyBridget

Scores at the first commercial break (after clue 15):

Tim Amy Bridget
$800 -$400 $1,600

Scores at the end of the Jeopardy! Round:

Tim Amy Bridget
$3,000 $800 $1,600

Double Jeopardy! Round responses

A CELEBRITY CHRISTMAS
INVASIONS
TOUGH CHILDREN'S LIT
LANDMARKS
THE LAW
(Alex: And each correct response in this category will contain a...)
SILENT "H"
    $400 23
Queen Elizabeth

Amy
    $400 5
the Vandals

Amy
    $400 6
Mother Hubbard

Amy
    $400 17
the Colosseum

Amy
    $400 25
a confession

Amy
    $400 11
honesty

Amy
    $800 1
tamales

Amy
    $800 29
[The end-of-round signal sounds.]

Okinawa

Bridget
    $800 7
Rapunzel

Amy
    $800 19
Ellis Island

Amy
    $800 16
a precedent

Tim
    $800 12
a gherkin

Tim
    $1200 2
The Roots

Bridget
    $1200 27
Baghdad

Amy
    $3,000 8
(Amy: Who is Peter Pumpkin Eater?)

Pinocchio

Amy
    $3,000 20
the Western Wall

Amy
    $1200 18
the lemon law

Tim
    $1200 13
(Amy: What is a Rhododendron?)

an orchid

Amy
Triple Stumper
    $1600 3
Bill Murray

Bridget
    $1600 28
(Tim: What is Yugoslavia?)

Czechoslovakia

TimAmy
    $1600 9
the Mock Turtle

Triple Stumper
    $1600 21
Sugarloaf

Bridget
    $1600 24
(Amy: What is the burden of truth?)

burden of proof

TimAmy
    $1600 14
melancholy

Amy
    $2000 4
John Krasinski

Bridget
    $2000 10
George & Martha

Triple Stumper
    $2000 22
Devils Tower

Tim
    $2000 26
(Alex: We have four clues left with less than a minute to do it in.)

a sunset law

Triple Stumper
    $2000 15
chaos

Amy

Scores at the end of the Double Jeopardy! Round:

Tim Amy Bridget
$7,800 $9,200 $8,800

[wagering suggestions for these scores]

Final Jeopardy! Round responses

SCIENTISTS
TimWho was Newton?
$2,200
BridgetWho is Galileo?
$4,400
AmyWho Newton
$5,500
Edmond Halley

Final scores:

Tim Amy Bridget
$5,600 $3,700 $4,400
7-day champion: $107,499 3rd place: $1,000 2nd place: $2,000

Game dynamics:

Coryat scores:

Tim Amy Bridget
$7,800 $11,200 $8,800
12 R,
2 W
26 R
(including 1 DD),
9 W
(including 2 DDs)
8 R,
2 W

Combined Coryat: $27,800

The J! Archive is created by fans, for fans. The Jeopardy! game show and all elements thereof, including but not limited to copyright and trademark thereto, are the property of Jeopardy Productions, Inc. and are protected under law. This website is not affiliated with, sponsored by, or operated by Jeopardy Productions, Inc. Join the discussion at JBoard.tv.